000 01110nas a2200253 a 4500
001 000043733
003 DLC
005 20201002044936.0
008 140408c19669999dr mr1p d 0 z0spa d
040 _aDO-SdBNP
_bspa
_cBNPHU
043 _anwdr
245 0 0 _aComercio y producción /
_córgano de las Cámaras Oficiales de Comercio, Agricultura e Industria de la República.
260 _aSanto Domingo :
_bCámara Oficial de Comercio, Agricultura e Industria del Distrito Nacional,
_c1966.
300 _av. :
_bil. ;
_c28 cm.
310 _aMensual
362 1 _aInicia con: Año.21, nos.230-31, (Enero-Febrero, 1966)
500 _aDescripción basada en: Año.21, nos.230-31, (Enero-Febrero, 1966)
500 _aTítulo tomado de la portada
500 _aDirector: 1966, Miguel Guerra Sánchez
650 4 _aComercio
_zRepública Dominicana
_vPUBLICACIONES PERIÓDICAS
_959328
651 4 _aRepública Dominicana
_xComercio
_vPUBLICACIONES PERIÓDICAS
_971553
700 1 _aGuerra Sánchez, Miguel,
_edir.
_971545
710 2 _aCámara Oficial de Comercio, Agricultura e Industria del Distrito Nacional
_971554
999 _c43222
_d43222